The Last of Us Map of States Visited - Statistics

General Stats
  • This quiz has been taken 132 times
  • The average score is 5 of 8
Answers on the Map
Answers color-coded by a green-red scale on the quiz's map according to % correct below.
 
Answer Stats
Answer % Correct
Texas
87%
Washington
82%
California
81%
Wyoming
67%
Massachusetts
62%
Colorado
60%
Utah
59%
Pennsylvania
37%
No matching quizzes found
Score Distribution
Percent of People with Each Score
Percentile by Number Answered
Your Score History
You have not taken this quiz